[Event "Chess Super League 2021"]
[Site "Online"]
[Date "2021.10.12"]
[Round "2.1"]
[White "Tarini Goyal"]
[Black "Priyanka, K."]
[Result "0-1"]
[WhiteElo "2164"]
[BlackElo "2218"]
[Annotator "NA"]
[PlyCount "98"]
[EventDate "2021.10.11"]
[EventType "team-tourn"]
[EventCountry "NET"]
[SourceTitle "playchess.com"]
[Source "ChessBase"]
[SourceQuality "1"]
[TimeControl "900+10"]

1. d4 {[%emt 0:00:14]} Nf6 {[%emt 0:00:12]} 2. c4 {[%emt 0:00:02]} g6 {[%emt 0:00:02]} 3. g3 {[%emt 0:00:02]} Bg7 {[%emt 0:00:01]} 4. Bg2 {[%emt 0:00:01]} d6 {[%emt 0:00:01]} 5. Nc3 {[%emt 0:00:05]} O-O {[%emt 0:00:02]} 6. Nf3 {[%emt 0:00:03]} c6 {[%emt 0:00:05]} 7. O-O {[%emt 0:00:03]} Bf5 {[%emt 0:00:02]} 8. Re1 {[%emt 0:00:25] 8.Ne1 is setting a new trend.} d5 {[%emt 0:01:15]} 9. Qb3 {[%emt 0:03:26]} Qb6 {[%emt 0:00:44]} 10. cxd5 {[%emt 0:00:48]} cxd5 {[%emt 0:00:30]} 11. Qxb6 {[%emt 0:03:25]} axb6 {[%emt 0:00:05] [#]} 12. Ne5 $146 {[%emt 0:00:18]} ({Predecessor:} 12. Bf4 Nc6 13. Rec1 Rfc8 14. Kf1 h6 15. Be5 e6 16. Bd6 Ne8 17. Nb5 Nxd4 18. Nfxd4 Bxd4 19. Nxd4 Nxd6 20. Rxc8+ Rxc8 {0-1 (51) Sturt,R (2429)-Nyzhnyk,I (2624) Chess.com INT 2019}) 12... Nc6 {[%emt 0:02:14]} 13. Nxc6 {[%emt 0:00:36]} bxc6 {[%emt 0:00:03]} 14. Bg5 {[%emt 0:00:47]} h6 {[%emt 0:01:43]} 15. Bxf6 {[%emt 0:00:02]} Bxf6 {[%emt 0:00:02]} 16. e3 {[%emt 0:00:01]} b5 {[%emt 0:00:42]} 17. a3 {[%emt 0:00:05]} e5 {[%emt 0:02:25]} (17... e6 $15) 18. dxe5 $15 {[%emt 0:01:53]} Bxe5 {[%emt 0:00:03]} 19. Rac1 {[%emt 0:00:06]} Rfe8 {[%emt 0:01:10]} 20. Red1 {[%emt 0:01:34]} Rab8 {[%emt 0:00:43]} 21. Rd2 {[%emt 0:00:42]} b4 {[%emt 0:01:42]} 22. Ne2 {[%emt 0:00:32]} bxa3 {[%emt 0:00:38]} 23. bxa3 {[%emt 0:00:02]} Rb1 {[%emt 0:00:25]} 24. Rxb1 {[%emt 0:01:18]} Bxb1 {[%emt 0:00:00]} 25. Nd4 {[%emt 0:00:51]} Bxd4 {[%emt 0:02:12]} 26. Rxd4 {[%emt 0:00:13]} Ra8 {[%emt 0:00:05]} 27. Rb4 {[%emt 0:00:06]} Bc2 {[%emt 0:00:11]} 28. Rb6 {[%emt 0:00:43]} Rxa3 {[%emt 0:00:06]} 29. h4 {[%emt 0:00:21]} Rc3 {[%emt 0:00:16]} 30. Rb7 {[%emt 0:00:12]} Bf5 {[%emt 0:00:13]} 31. Rc7 {[%emt 0:00:05]} Rc1+ {[%emt 0:00:08]} 32. Kh2 {[%emt 0:00:01]} Rc2 {[%emt 0:00:01]} 33. Kg1 {[%emt 0:00:07]} h5 {[%emt 0:00:05]} 34. Bf3 {[%emt 0:00:33]} Kg7 {[%emt 0:00:16]} 35. Kg2 {[%emt 0:00:06]} Kf6 {[%emt 0:00:13]} 36. Ra7 {[%emt 0:00:22]} Be6 {[%emt 0:00:20]} 37. Ra6 {[%emt 0:00:20]} Ke5 {[%emt 0:00:04]} 38. Bd1 {[%emt 0:00:05]} Rc1 {[%emt 0:00:32]} 39. Ba4 {[%emt 0:00:03]} c5 {[%emt 0:00:05]} 40. Be8 {[%emt 0:00:22]} c4 {[%emt 0:00:11]} 41. Rc6 {[%emt 0:00:16]} c3 {[%emt 0:00:12]} 42. Kf3 {[%emt 0:00:17]} Bg4+ {[%emt 0:01:18]} 43. Kg2 {[%emt 0:00:01]} Ke4 {[%emt 0:00:18]} 44. Rf6 {[%emt 0:00:21]} c2 {[%emt 0:00:12]} 45. Ba4 {[%emt 0:00:01]} Rg1+ {[%emt 0:00:07]} 46. Kxg1 {[%emt 0:00:01]} c1=Q+ {[%emt 0:00:01]} 47. Kg2 {[%emt 0:00:01]} Bh3+ {[%emt 0:00:09]} 48. Kh2 {[%emt 0:00:05]} Qf1 {[%emt 0:00:11]} 49. Rf4+ {[%emt 0:00:12]} Ke5 {[%emt 0:00:04]} 0-1

[Event "Chess Super League 2021"]
[Site "Online"]
[Date "2021.10.12"]
[Round "2.2"]
[White "Gupta, Abhijeet"]
[Black "Giri, Anish"]
[Result "0-1"]
[WhiteElo "2628"]
[BlackElo "2774"]
[Annotator "TA"]
[PlyCount "68"]
[EventDate "2021.10.11"]
[EventType "team-tourn"]
[EventCountry "NET"]
[SourceTitle "playchess.com"]
[Source "ChessBase"]
[SourceQuality "1"]

{[%evp 13,68,0,0,-4,0,0,0,-7,0,-4,5,8,11,-7,16,-55,-52,-47,-38,-41,-54,-47,-45,-222,-209,-293,-243,-364,-331,-320,-308,-270,0,-285,-259,-425,-371,-358,-371,-450,-450,-479,-474,-478,-476,-462,-484,-476,-483,-475,-470,-452,-436,-529,-515,-531,-523]} 1. d4 Nf6 2. c4 e6 3. Nc3 Bb4 4. e3 O-O 5. Bd2 d5 6. Nf3 b6 7. cxd5 exd5 8. Rc1 {E51: Nimzo-Indian: Rubinstein: 4...0-0 5 Nf3 d5.} c5 9. Be2 {[#]} c4 $146 ({Predecessor:} 9... Nc6 10. O-O cxd4 11. exd4 Bb7 12. Bg5 Be7 13. Bd3 h6 14. Bf4 Bd6 15. Be5 Bxe5 16. dxe5 {1-0 (43) Kovalenko,I (2651)-Kravtsiv,M (2625) Kiev 2021}) 10. O-O {The position is equal.} a6 11. Ne5 b5 12. a4 Qb6 (12... Bxc3 $5 13. Bxc3 Qd6 $11) 13. Qc2 Nc6 14. Bf3 (14. b3 $11) 14... Ne7 $15 15. b3 Bf5 16. Qb2 Rab8 {[%cal Ba8b8,Bb8b6,Bb6g6][%mdl 32]} 17. axb5 axb5 18. g4 $2 {[#]} ({Better is} 18. bxc4 $15 bxc4 19. Ne2) 18... Nxg4 $1 $19 {[%mdl 512]} 19. Nxg4 (19. Bxg4 $142 Bxg4 20. Nxg4) 19... Bxg4 20. Nxd5 (20. Bxg4 {was called for.} Qg6 21. f3) 20... Bxf3 {[%cal Rb6g6]} 21. Nxb6 Rxb6 {[%cal Rb6g6]} 22. Rfd1 Rg6+ 23. Kf1 Bd6 $40 {[%mdl 128] White is in trouble.} 24. Ba5 $2 (24. bxc4 $2 {is a self mate.} Bxh2 25. cxb5 Rg1#) (24. Bb4 Bxb4 25. bxc4) 24... Nd5 25. bxc4 bxc4 26. Ke1 {Now Kd2 and White clings on.} Rb8 {Black is clearly winning.} 27. Qc2 c3 28. Bxc3 Nxc3 29. Qxc3 {[#] aiming for Kd2.} Bb4 30. Qxb4 {[%cal Rb4b8]} Rg1+ 31. Kd2 {[%cal Rb4b8]} Rxd1+ ({Worse is} 31... Rxb4 32. Rc8#) 32. Rxd1 {[%cal Rb4b8]} Rxb4 33. Rc1 {[%cal Rc1c8]} Rb2+ 34. Kd3 {[%cal Rc1c8]} f5 {Weighted Error Value: White=0.45/Black=0.09} 0-1

[Event "Chess Super League 2021"]
[Site "Online"]
[Date "2021.10.12"]
[Round "2.2"]
[White "Sethuraman, S.P."]
[Black "Ding, Liren"]
[Result "1/2-1/2"]
[WhiteElo "2620"]
[BlackElo "2799"]
[Annotator "TA"]
[PlyCount "28"]
[EventDate "2021.10.11"]
[EventType "team-tourn"]
[EventCountry "NET"]
[SourceTitle "playchess.com"]
[Source "ChessBase"]
[SourceQuality "1"]

{[%evp 27,28,0,29]} 1. e4 e5 2. Nf3 Nc6 3. Bb5 a6 4. Ba4 Nf6 5. O-O Be7 6. Re1 b5 7. Bb3 O-O 8. c3 d6 9. h3 Re8 10. d4 Bb7 {[#]} 11. Ng5 $146 ({Predecessor:} 11. a3 Bf8 12. d5 Na5 13. Ba2 c6 14. dxc6 Bxc6 15. Bg5 Nc4 16. Nbd2 Nb6 17. Nh2 h6 18. Bh4 Be7 19. Bxf6 Bxf6 20. Qh5 Ra7 21. g3 {0-1 (71) Vidit,S (2726)-Le,Q (2709) Chess24.com INT 2021}) 11... Rf8 12. Nf3 Re8 13. Ng5 Rf8 14. Nf3 Re8 1/2-1/2

[Event "Chess Super League 2021"]
[Site "Online"]
[Date "2021.10.12"]
[Round "2.2"]
[White "Arjun Kalyan"]
[Black "Gukesh D"]
[Result "1-0"]
[WhiteElo "2537"]
[BlackElo "2640"]
[Annotator "TA"]
[PlyCount "225"]
[EventDate "2021.10.11"]
[EventType "team-tourn"]
[EventCountry "NET"]
[SourceTitle "playchess.com"]
[Source "ChessBase"]
[SourceQuality "1"]

{[%evp 20,225,17,18,30,29,28,30,61,54,56,19,72,60,107,91,137,89,99,91,91,88,89,98,98,88,105,104,106,104,173,156,191,174,164,162,197,149,145,142,137,143,139,139,139,141,135,93,106,75,76,64,98,89,244,225,235,246,243,236,245,237,232,219,248,244,256,256,260,257,358,378,425,421,445,442,451,452,466,452,364,0,443,433,443,414,443,443,423,397,428,422,437,435,521,514,520,511,470,460,678,365,357,0,684,648,625,620,848,848,1212,1196,1144,1133,1000,699,693,556,633,483,458,0,1144,1144,1115,1103,1095,1089,1138,1005,1116,997,989,918,935,945,854,720,926,906,940,931,957,934,877,878,827,833,743,709,653,614,775,693,1235,1223,1078,1075,29960,29962,29965,29938,6023,11178,8828,8270,6578,6140,2128,2118,7102,8243,1737,772,741,733,1054,784,760,717,1339,1333,1393,1224,1500,719,6414,1383,4627,4627,4618,4610,29975,29977,29977,29977,29975,29977,29977,29978,6920,1858,29978,29979,3017,2831,29978,29979]} 1. e4 {Vaibhav,Suri} c5 2. Nf3 Nc6 3. d4 cxd4 4. Nxd4 Nf6 5. Nc3 d6 6. f3 e5 7. Nb3 Be6 8. Be3 Be7 9. Qd2 O-O 10. O-O-O a5 11. Bb5 Na7 {B56: Classical Sicilian: Unusual Lines.} 12. Bxa7 Rxa7 13. a4 Ne8 {And now ...Bg5 would win.White has an edge.} 14. Kb1 Nc7 15. f4 exf4 (15... Nxb5 $11 {keeps the balance.} 16. Nxb5 Ra8) 16. Qxf4 $16 Bxb3 17. cxb3 {[#]} Ne6 $146 ({Predecessor:} 17... Nxb5 18. Nxb5 Ra6 19. Rd5 Rc6 20. Rhd1 Qb6 21. Nd4 Rc5 22. Nf5 Bf6 23. Qxd6 Rxd5 24. Qxd5 {1-0 (55) Vaibhav,S (2591)-Artemiev,V (2728) Moscow 2020 CBM 195 Extra [Vaibhav,Suri]}) 18. Qf2 b6 19. Nd5 Nc5 20. Rhe1 Qb8 21. Bc4 Bd8 22. Qf4 Re8 23. Re3 Re5 {Strongly threatening ...Bg5.} 24. h4 Qc8 (24... Rd7 $16) 25. Nc3 $1 $18 {[%cal Rc3b5] Hoping for Nb5.} Rae7 26. Rf3 {[%cal Rc4f7]} ({Don't play} 26. Rxd6 Bc7 $16) 26... Ne6 27. Qd2 Qc5 28. Qxd6 Qxd6 29. Rxd6 Bc7 30. Rd1 Kf8 31. Rdf1 f6 32. g4 h6 33. Bd5 Rd7 34. Bxe6 (34. g5 {with more complications.} hxg5 35. Bxe6 Rxe6 36. hxg5 Rd2 37. gxf6 g6 38. Nd5) 34... Rxe6 35. g5 hxg5 36. hxg5 Kf7 $2 (36... Rd2 $16) 37. gxf6 Rxf6 38. Rxf6+ gxf6 {[%mdl 4096] Endgame KRB-KRN} 39. Nd5 Bd8 {[#]} 40. Nxf6 $1 {[%mdl 512]} Rd4 (40... Rd2 41. Nd5+) 41. Nd5+ Ke6 42. Nc3 Bf6 43. Kc2 Rd8 44. Rf5 Rh8 45. Rb5 Bd4 46. Nd5 Rh2+ 47. Kd3 Bxb2 48. Rxb6+ Ke5 49. Rb5 Rh3+ 50. Kc2 $2 ({White should play} 50. Kc4 $18) 50... Bd4 $2 {[%mdl 8192] [#]} (50... Rh2+ $1 $11 51. Kd3 Rh3+ 52. Kc4 Rh4) 51. Nc3+ $1 Ke6 52. Ne2 Be5 53. Rxa5 Re3 54. Nc1 Rc3+ 55. Kb1 Re3 56. Rb5 Bf4 57. Kc2 Rxe4 58. Nd3 {Black must now prevent Nc5+.} Re2+ 59. Kc3 Bd2+ (59... Be3 $142 60. b4 Kd6) 60. Kd4 Be3+ 61. Kc3 $2 (61. Kc4 Rc2+ 62. Kb4 Bd2+ 63. Ka3) 61... Bd2+ 62. Kc4 Re4+ 63. Kc5 Rh4 64. Kc6 Ke7 65. a5 Rh6+ 66. Kb7 Rh7 67. Ka6 {Rb7+ is the strong threat.} Kd6 68. Nb2 Be1 69. Rb6+ Kd5 70. Rb5+ $2 (70. Nd3 $18 Bd2 71. Kb5) 70... Kc6 $2 {[%mdl 8192]} (70... Kd6 $11 71. Nc4+ Kc6 72. Ne5+ Kd6) 71. Nd3 Bg3 72. Rc5+ Kd6 73. b4 Bh2 74. Kb5 Bg1 75. Rc2 Rh5+ 76. Ka4 Rd5 77. Nb2 Rh5 78. Nc4+ Kc7 79. Ne5+ Kb7 80. Nd3 Rh4 81. Kb5 Rh5+ 82. Nc5+ Ka7 83. Ka4 Rh4 84. Nb3 Kb7 85. Re2 Rh7 86. Re5 Bf2 87. Kb5 Ka7 88. Nc5 Rh4 89. Re7+ Ka8 90. Ne6 Bg3 91. Nc7+ (91. Rd7 $142 Rh6 92. Re7) 91... Kb8 92. Nd5 Rh5 93. Kc4 Rh4+ 94. Kc5 Bf2+ 95. Kb5 Rh5 96. Kc4 (96. Rd7 $142 Kc8 97. Rf7) 96... Rh4+ 97. Kb3 Rh5 98. Nf6 Rf5 99. Ne4 Bg1 100. Kc4 Rh5 101. b5 Ka8 102. a6 (102. Rg7 $142 Re5 103. Rg8+ Ka7 104. Nc3) 102... Bb6 103. Re6 (103. Re8+ $142 Ka7 104. Nd6 Rh4+ 105. Kd5 Rh5+ 106. Kc6 Rc5+ 107. Kd7 Rc7+ 108. Ke6) 103... Ka7 104. Nd6 Bg1 105. Re7+ Ka8 106. Re8+ Ka7 107. Nc8+ Kb8 108. Ne7+ Kc7 109. Nd5+ Kd6 {[#]} 110. Rd8+ (110. b6 $142 $1 Rh4+ 111. Kb5) 110... Ke5 111. b6 Rh4+ 112. Kb5 Rh2 113. a7 {Weighted Error Value: White=0.17/Black=0.39} 1-0

[Event "Chess Super League 2021"]
[Site "Online"]
[Date "2021.10.12"]
[Round "2.2"]
[White "Dzagnidze, Nana"]
[Black "Kulkarni Bhakti"]
[Result "1/2-1/2"]
[WhiteElo "2524"]
[BlackElo "2388"]
[Annotator "RC"]
[PlyCount "126"]
[EventDate "2021.10.11"]
[EventType "team-tourn"]
[EventCountry "NET"]
[SourceTitle "playchess.com"]
[Source "ChessBase"]
[SourceQuality "1"]
[TimeControl "900+10"]

1. c4 {[%emt 0:00:12]} Nf6 {[%emt 0:00:20]} 2. Nc3 {[%emt 0:00:08]} e6 {[%emt 0:00:03]} 3. e4 {[%emt 0:00:05]} d5 {[%emt 0:00:03]} 4. e5 {[%emt 0:00:05]} d4 {[%emt 0:00:02]} 5. exf6 {[%emt 0:00:02]} dxc3 {[%emt 0:00:02]} 6. bxc3 {[%emt 0:00:06]} Qxf6 {[%emt 0:00:03]} 7. Nf3 {[%emt 0:00:01]} Nc6 {[%emt 0:00:07]} 8. d4 {[%emt 0:00:06]} e5 {[%emt 0:00:08]} 9. Bg5 {[%emt 0:06:34]} Qg6 {[%emt 0:00:14]} 10. Be3 {[%emt 0:00:27]} exd4 {[%emt 0:00:25]} 11. Nxd4 {[%emt 0:00:41]} Nxd4 {[%emt 0:00:21]} 12. Qxd4 {[%emt 0:01:01]} Be7 {[%emt 0:01:21]} 13. Bd3 {[%emt 0:00:39]} Bf5 {[%emt 0:00:15]} 14. Bxf5 {[%emt 0:00:13]} Qxf5 {[%emt 0:00:02]} 15. Qd5 {[%emt 0:00:31]} Qxd5 {[%emt 0:00:55]} 16. cxd5 {[%emt 0:00:03]} Bf6 {[%emt 0:00:32]} 17. Rc1 {[%emt 0:00:30]} O-O-O {[%emt 0:00:56]} 18. c4 {[%emt 0:00:04]} Rhe8 {[%emt 0:00:07]} 19. O-O {[%emt 0:00:09]} Re4 {[%emt 0:01:43]} 20. Rfe1 {[%emt 0:00:20]} Bd4 {[%emt 0:01:06]} 21. Bg5 {[%emt 0:00:51]} Rde8 {[%emt 0:01:08]} 22. Kf1 {[%emt 0:00:34]} Kd7 {[%emt 0:00:43]} 23. Rxe4 {[%emt 0:00:32]} Rxe4 {[%emt 0:00:00]} 24. f3 {[%emt 0:00:12]} Re8 {[%emt 0:00:14]} 25. Rb1 {[%emt 0:01:15]} b6 {[%emt 0:00:24]} 26. Rd1 {[%emt 0:00:02]} Be5 {[%emt 0:00:24]} 27. g3 {[%emt 0:00:44]} a6 {[%emt 0:02:58]} 28. Kf2 {[%emt 0:00:23]} Kd6 {[%emt 0:00:15]} 29. Be3 {[%emt 0:00:08]} h5 {[%emt 0:00:13]} 30. f4 {[%emt 0:00:25]} Bf6 {[%emt 0:00:13]} 31. Kf3 {[%emt 0:00:02]} g6 {[%emt 0:00:22]} 32. a4 {[%emt 0:00:03]} a5 {[%emt 0:00:04]} 33. h3 {[%emt 0:00:18]} Bc3 {[%emt 0:00:06]} 34. Rc1 {[%emt 0:00:16]} Bb2 {[%emt 0:00:11]} 35. Rb1 {[%emt 0:00:36]} Bg7 {[%emt 0:00:03]} 36. Rb5 {[%emt 0:01:11]} Ra8 {[%emt 0:02:45]} 37. c5+ {[%emt 0:00:18]} bxc5 {[%emt 0:00:42]} 38. Rxc5 {[%emt 0:00:18]} Bb2 {[%emt 0:00:44]} 39. Rc6+ {[%emt 0:00:48]} Kxd5 {[%emt 0:00:18]} 40. Rxc7 {[%emt 0:00:02]} Ke6 {[%emt 0:00:01]} 41. Rc6+ {[%emt 0:00:13]} Kd5 {[%emt 0:00:24]} 42. Rc5+ {[%emt 0:00:02]} Kd6 {[%emt 0:00:02]} 43. Rb5 {[%emt 0:00:03]} Bc3 {[%emt 0:00:03]} 44. f5 {[%emt 0:00:04]} Rc8 {[%emt 0:00:20]} 45. fxg6 {[%emt 0:00:03]} fxg6 {[%emt 0:00:02]} 46. Rg5 {[%emt 0:00:32]} Rc4 {[%emt 0:00:55]} 47. Rxg6+ {[%emt 0:00:06]} Ke7 {[%emt 0:00:03]} 48. Rh6 {[%emt 0:00:19]} Rxa4 {[%emt 0:00:02]} 49. Rxh5 {[%emt 0:00:02]} Ra1 {[%emt 0:00:04]} 50. Rh7+ {[%emt 0:00:18]} Kf6 {[%emt 0:00:10]} 51. Ke4 {[%emt 0:00:34]} a4 {[%emt 0:00:05]} 52. Rc7 {[%emt 0:00:14]} Bb2 {[%emt 0:00:05]} 53. Rc6+ {[%emt 0:00:04]} Kf7 {[%emt 0:00:04]} 54. g4 {[%emt 0:00:13]} a3 {[%emt 0:00:01]} 55. Ra6 {[%emt 0:00:01]} Rh1 {[%emt 0:00:08]} 56. Kf5 {[%emt 0:00:18]} Rxh3 {[%emt 0:00:02]} 57. Ra7+ {[%emt 0:00:01]} Ke8 {[%emt 0:00:05]} 58. Bc5 {[%emt 0:00:05]} Rf3+ {[%emt 0:00:07]} 59. Ke6 {[%emt 0:00:01]} Rf6+ {[%emt 0:00:02]} 60. Kd5 {[%emt 0:00:02]} Rg6 {[%emt 0:00:03]} 61. Bxa3 {[%emt 0:00:31]} Bxa3 {[%emt 0:00:02]} 62. Rxa3 {[%emt 0:00:01]} Rxg4 {[%emt 0:00:01]} 63. Ke6 {[%emt 0:00:01]} Rg6+ {[%emt 0:00:02]} 1/2-1/2

[Event "Chess Super League 2021"]
[Site "Online"]
[Date "2021.10.12"]
[Round "2.2"]
[White "Abdumalik, Zhansaya"]
[Black "Soumya, Swaminathan"]
[Result "1/2-1/2"]
[WhiteElo "2507"]
[BlackElo "2351"]
[Annotator "ChessBase"]
[PlyCount "126"]
[EventDate "2021.10.11"]
[EventType "team-tourn"]
[EventCountry "NET"]
[SourceTitle "playchess.com"]
[Source "ChessBase"]
[SourceQuality "1"]
[TimeControl "900+10"]

1. e4 {[%emt 0:00:10]} c5 {[%emt 0:00:14]} 2. Nf3 {[%emt 0:00:03]} Nc6 {[%emt 0:00:04]} 3. Bb5 {[%emt 0:00:03]} g6 {[%emt 0:00:03]} 4. Bxc6 {[%emt 0:00:03]} dxc6 {[%emt 0:00:01]} 5. d3 {[%emt 0:00:01]} Bg7 {[%emt 0:00:03]} 6. h3 {[%emt 0:00:01]} Nf6 {[%emt 0:00:03]} 7. Nc3 {[%emt 0:00:07]} Nd7 {[%emt 0:00:09]} 8. Be3 {[%emt 0:00:02]} e5 {[%emt 0:00:03]} 9. Qd2 {[%emt 0:00:03]} h6 {[%emt 0:00:01]} 10. O-O {[%emt 0:00:04]} b6 {[%emt 0:00:04]} 11. Nh2 {[%emt 0:00:06]} Nf8 {[%emt 0:00:02]} 12. f4 {[%emt 0:00:05]} exf4 {[%emt 0:00:02]} 13. Bxf4 {[%emt 0:00:01]} Ne6 {[%emt 0:00:02]} 14. Be3 {[%emt 0:00:02]} Nd4 {[%emt 0:00:22]} 15. Kh1 {[%emt 0:00:17]} Be6 {[%emt 0:01:17]} 16. Nd1 {[%emt 0:00:06]} Qe7 {[%emt 0:04:01]} 17. c3 {[%emt 0:00:20]} Nb5 {[%emt 0:00:03]} 18. Nf2 {[%emt 0:00:54]} Nd6 {[%emt 0:01:43]} 19. a4 {[%emt 0:00:45]} a5 {[%emt 0:00:59]} 20. Nfg4 {[%emt 0:00:13]} g5 {[%emt 0:00:09]} 21. Rf3 {[%emt 0:01:21]} f5 {[%emt 0:01:13]} 22. exf5 {[%emt 0:00:09]} Nxf5 {[%emt 0:00:01]} 23. Re1 {[%emt 0:00:16]} O-O {[%emt 0:01:21]} 24. Bf2 {[%emt 0:01:11]} Qd6 {[%emt 0:00:44]} 25. Ne3 {[%emt 0:00:21]} Nxe3 {[%emt 0:01:13]} 26. Rfxe3 {[%emt 0:00:17]} Bf5 {[%emt 0:00:27]} 27. Bg3 {[%emt 0:00:25]} Qd5 {[%emt 0:00:46]} 28. Be5 {[%emt 0:00:31]} Rad8 {[%emt 0:00:57]} 29. Bc7 {[%emt 0:01:13]} Rd7 {[%emt 0:00:33]} 30. Bxb6 {[%emt 0:00:09]} c4 {[%emt 0:02:09]} 31. d4 {[%emt 0:00:32]} c5 {[%emt 0:00:10]} 32. Qe2 {[%emt 0:01:01]} cxd4 {[%emt 0:00:19]} 33. Bxd4 {[%emt 0:00:41]} Bxd4 {[%emt 0:00:04]} 34. cxd4 {[%emt 0:00:00]} Qxd4 {[%emt 0:00:09]} 35. Qh5 {[%emt 0:00:39]} Qg7 {[%emt 0:00:28]} 36. Re8 {[%emt 0:01:07]} Rxe8 {[%emt 0:00:35]} 37. Qxe8+ {[%emt 0:00:39]} Kh7 {[%emt 0:00:04]} 38. Rf1 {[%emt 0:00:15]} Bg6 {[%emt 0:00:25]} 39. Qe6 {[%emt 0:00:06]} Rf7 {[%emt 0:00:17]} 40. Nf3 {[%emt 0:00:33]} Qxb2 {[%emt 0:00:17]} 41. Qxc4 {[%emt 0:00:08]} Qg7 {[%emt 0:00:08]} 42. Qd5 {[%emt 0:00:38]} Bh5 {[%emt 0:00:09]} 43. Qe4+ {[%emt 0:00:41]} Kh8 {[%emt 0:00:10]} 44. Qa8+ {[%emt 0:00:42]} Rf8 {[%emt 0:00:06]} 45. Qxa5 {[%emt 0:00:02]} Bxf3 {[%emt 0:00:03]} 46. gxf3 {[%emt 0:00:01]} Qd4 {[%emt 0:00:18]} 47. Kg2 {[%emt 0:00:08]} h5 {[%emt 0:00:12]} 48. Qa6 {[%emt 0:00:20]} Rf6 {[%emt 0:00:11]} 49. Qc8+ {[%emt 0:00:10]} Kg7 {[%emt 0:00:03]} 50. Qc7+ {[%emt 0:01:09]} Rf7 {[%emt 0:00:09]} 51. Qg3 {[%emt 0:00:01]} Kh6 {[%emt 0:00:04]} 52. Re1 {[%emt 0:00:20]} Qxa4 {[%emt 0:00:25]} 53. Qd6+ {[%emt 0:00:59]} Kh7 {[%emt 0:00:08]} 54. Qd3+ {[%emt 0:00:10]} Kg7 {[%emt 0:00:07]} 55. Qc3+ {[%emt 0:00:42]} Kh7 {[%emt 0:00:05]} 56. Qd3+ {[%emt 0:00:20]} Kg7 {[%emt 0:00:03]} 57. Re5 {[%emt 0:00:08]} Qf4 {[%emt 0:00:16]} 58. Qd5 {[%emt 0:00:20]} Kg6 {[%emt 0:00:14]} 59. Qd3+ {[%emt 0:00:57]} Kg7 {[%emt 0:00:03]} 60. Re6 {[%emt 0:00:08]} Qf5 {[%emt 0:00:13]} 61. Qc3+ {[%emt 0:00:13]} Kh7 {[%emt 0:00:05]} 62. Re8 {[%emt 0:00:09]} Qf6 {[%emt 0:00:02]} 63. Qxf6 {[%emt 0:00:54]} Rxf6 {[%emt 0:00:01]} 1/2-1/2

[Event "Chess Super League 2021"]
[Site "Online"]
[Date "2021.10.12"]
[Round "2.2"]
[White "Arpita, Mukherjee"]
[Black "Savitha Shri B"]
[Result "1-0"]
[WhiteElo "2229"]
[BlackElo "2281"]
[Annotator "NA"]
[PlyCount "63"]
[EventDate "2021.10.11"]
[EventType "team-tourn"]
[EventCountry "NET"]
[SourceTitle "playchess.com"]
[Source "ChessBase"]
[SourceQuality "1"]
[TimeControl "900+10"]

1. d4 {[%emt 0:00:13]} Nf6 {[%emt 0:00:14]} 2. Bf4 {[%emt 0:00:03]} g6 {[%emt 0:00:04]} 3. Nc3 {[%emt 0:00:03]} d5 {[%emt 0:00:04]} 4. Qd2 {[%emt 0:00:03]} Bg7 {[%emt 0:01:10]} 5. Bh6 {[%emt 0:00:03]} Bxh6 {[%emt 0:00:10]} 6. Qxh6 {[%emt 0:00:03]} Bf5 {[%emt 0:00:02]} 7. O-O-O {[%emt 0:00:37]} Nc6 {[%emt 0:00:24]} 8. a3 {[%emt 0:01:00]} Qd6 {[%emt 0:00:44]} 9. f3 {[%emt 0:00:47]} a6 {[%emt 0:02:00]} 10. g4 {[%emt 0:01:27]} Bd7 {[%emt 0:01:37]} 11. Nh3 {[%emt 0:00:44]} O-O-O {[%emt 0:00:29]} 12. Qf4 {[%emt 0:01:11]} Qxf4+ {[%emt 0:03:17]} 13. Nxf4 {[%emt 0:00:00]} e6 {[%emt 0:00:41]} 14. h4 {[%emt 0:01:32]} h6 {[%emt 0:02:41]} 15. e3 {[%emt 0:01:14]} e5 {[%emt 0:01:24]} 16. Nfxd5 {[%emt 0:04:03]} Nxd5 {[%emt 0:00:04]} 17. Nxd5 {[%emt 0:00:00]} exd4 {[%emt 0:00:02]} 18. exd4 {[%emt 0:00:43]} Be6 {[%emt 0:00:11]} 19. Nf4 {[%emt 0:00:36]} Nxd4 {[%emt 0:00:14]} 20. Nxe6 {[%emt 0:00:02]} fxe6 {[%emt 0:00:26]} 21. Bd3 {[%emt 0:00:55]} Nxf3 {[%emt 0:00:24]} 22. Bxg6 {[%emt 0:00:05]} Rxd1+ {[%emt 0:00:22]} 23. Kxd1 {[%emt 0:00:09]} Ne5 {[%emt 0:00:20]} 24. Bh5 {[%emt 0:00:23]} Rg8 {[%emt 0:00:03]} 25. Re1 {[%emt 0:00:38]} Nxg4 {[%emt 0:00:49]} 26. Rxe6 {[%emt 0:00:24]} Nf2+ {[%emt 0:00:25]} 27. Ke2 {[%emt 0:01:07]} Nh1 {[%emt 0:00:33]} 28. Rxh6 {[%emt 0:00:22]} Ng3+ {[%emt 0:00:01]} 29. Kf3 {[%emt 0:00:15]} Nf5 {[%emt 0:00:13]} 30. Bg4 {[%emt 0:00:16]} Rxg4 {[%emt 0:00:44]} 31. Rh8+ {[%emt 0:00:01]} Kd7 {[%emt 0:00:11]} 32. Kxg4 {[%emt 0:00:02]} 1-0